Statistiken für Jüngste Spieler von Borussia Dortmund in der Bundesliga (seit 2000)

Klicken Sie hier um das Quiz zu spielen!

Allgemein

  • Dieses Quiz wurde 70 mal gespielt
  • Das Durchschnittsergebnis liegt bei 15 aus 50

Antwortstatistiken

JahrAlterNationalitätSpieler% Korrekt
202016 JahreDeutschlandYoussoufa Moukoko
94%
202017 JahreEnglandJude Bellingham
90%
201717 JahreEnglandJadon Sancho
88%
201617 JahreUSAChristian Pulisic
87%
202017 JahreUSAGiovanni Reyna
85%
200516 JahreTürkeiNuri Şahin
79%
200917 JahreDeutschlandMario Götze
75%
202019 JahreNorwegenErling Haaland
71%
202217 JahreEnglandJamie Bynoe-Gittens
65%
201819 JahreMarokkoAchraf Hakimi
63%
202317 JahreBelgienJulien Duranville
63%
201717 JahreSchwedenAlex Isak
60%
201619 JahreTürkeiEmre Mor
52%
201619 JahreFrankreichOusmane Dembélé
50%
200819 JahreDeutschlandMats Hummels
46%
200819 JahreSerbienNeven Subotic
37%
201718 JahreFrankreichDan-Axel Zagadou
35%
202018 JahreBrasilienReinier
33%
202217 JahreDeutschlandTom Rothe
33%
201817 JahreSpanienSergio Gómez
25%
201719 JahreDänemarkJacob Bruun Larsen
23%
202319 JahreDeutschlandSamuel Bamba
23%
202319 JahreFrankreichSoumaïla Coulibaly
19%
200417 JahreDeutschlandMarc-André Kruska
17%
201617 JahreDeutschlandFelix Passlack
15%
200218 JahreDeutschlandDavid Odonkor
12%
201418 JahreJapanMitsuru Maruoka
12%
201118 JahreDeutschlandMoritz Leitner
12%
200019 JahreDeutschlandChristoph Metzelder
10%
200919 JahreFrankreichDamien Le Tallec
10%
201218 JahreDeutschlandLeonardo Bittencourt
10%
201718 JahreDeutschlandDzenis Burnic
8%
200918 JahreDeutschlandMarco Stiepermann
8%
201318 JahreGambia/
Deutschland
Marian Sarr
8%
201319 JahreDeutschlandMarvin Ducksch
8%
201519 JahreDeutschland/
Tunesien
Jeremy Dudziak
6%
201319 Jahre
Türkei/
Deutschland
Koray Günter
6%
200319 JahreDeutschlandMarkus Brzenska
6%
200318 JahreDeutschlandSahr Senesie
6%
200319 JahreDeutschlandSalvatore Gambino
6%
202119 JahreDeutschlandAnsgar Knauff
4%
200519 JahreKongo/
Deutschland
Kosi Saka
4%
200618 JahrePolenSebastian Tyrala
4%
200017 JahreDeutschland/
Griechenland
Emmanuel Krontiris
2%
200019 JahreDeutschland/
Ghana
Francis Bugri
2%
202218 JahreDeutschlandLion Semic
2%
200418 JahreDeutschland/
Türkei
Mehmet Akgün
2%
200619 JahreDeutschland/
Türkei
Nizamettin Çalışkan
2%
200719 JahreDeutschlandChristopher Nöthe
0%
201019 JahreDeutschlandJulian Koch
0%

Verteilung der Resultate

Perzentil nach korrekt beantworteten Fragen

Anzahl Personen mit jedem Resultat

Ihre Resultats-Entwicklung

Sie haben dieses Quiz noch nicht gespielt